| Tag |
First Indicator |
Second Indicator |
Subfields |
| LEADER |
00000cam a22000004a 4500 |
| 001 |
in00001733921 |
| 005 |
20171028064432.0 |
| 008 |
010430s2001 ctua b 001 0 eng |
| 010 |
|
|
|a 2001002530
|
| 020 |
|
|
|a 0300088728 (alk. paper)
|
| 035 |
|
|
|a (OCoLC)ocm46866202
|
| 040 |
|
|
|a DLC
|c DLC
|d TXA
|d UtOrBLW
|
| 042 |
|
|
|a pcc
|
| 043 |
|
|
|a e-uk-en
|
| 049 |
|
|
|a TXAM
|
| 050 |
0 |
0 |
|a HV6535.G6
|b L6345 2001
|
| 082 |
0 |
0 |
|a 070.4/493641523/092
|2 21
|
| 100 |
1 |
|
|a Curtis, L. Perry,
|c Jr.,
|d 1932-
|
| 245 |
1 |
0 |
|a Jack the Ripper and the London press /
|c L. Perry Curtis, Jr.
|
| 264 |
|
1 |
|a New Haven, Conn. :
|b Yale University Press,
|c [2001]
|
| 264 |
|
4 |
|c ©2001
|
| 300 |
|
|
|a viii, 354 pages :
|b illustrations ;
|c 24 cm.
|
| 336 |
|
|
|a text
|b txt
|2 rdacontent
|
| 337 |
|
|
|a unmediated
|b n
|2 rdamedia
|
| 338 |
|
|
|a volume
|b nc
|2 rdacarrier
|
| 504 |
|
|
|a Includes bibliographical references and index.
|
| 505 |
0 |
|
|a The Whitechapel murders: a chronicle -- Images and realities of the East End -- The theory and practice of Victorian journalism -- Sensation news -- Victorian murder news -- The first two murders -- The double event -- The pursuit of angles -- The Kelly reportage -- The inquests: reporting the female body -- Responses to Ripper news: letters to the editor -- The cultural politics of Ripper news.
|
| 600 |
0 |
0 |
|a Jack,
|c the Ripper.
|
| 650 |
|
0 |
|a Serial murders
|x Press coverage
|z England
|z London.
|
| 650 |
|
0 |
|a Serial murderers
|x Press coverage
|z England
|z London.
|
| 650 |
|
0 |
|a Serial murders
|z England
|z London
|x History
|y 19th century.
|
| 948 |
|
|
|a cataloged
|b h
|c 2003/5/12
|d c
|e dmitchel
|f 3:00:00 pm
|
| 994 |
|
|
|a E0
|b TXA
|
| 999 |
|
|
|a MARS
|
| 999 |
f |
f |
|s 41e8687f-e094-3261-94a3-9e3796cb9bbd
|i 63d4acc6-5592-328f-929a-68a35a9fae52
|t 0
|
| 952 |
f |
f |
|p normal
|a Texas A&M University
|b College Station
|c Sterling C. Evans Library
|d Evans: Library Stacks
|t 0
|e HV6535.G6 L6345 2001
|h Library of Congress classification
|i unmediated -- volume
|m A14830109823
|
| 998 |
f |
f |
|a HV6535.G6 L6345 2001
|t 0
|l Evans: Library Stacks
|